000 00728cab a2200229 4500
001 WB3227-31
008 090401t1996 xxu||||| |||| 00| 0 eng d
035 _a(Sirsi) u50551
041 _aeng
245 _aDown to earth
260 _c1996
350 _a0
490 _aSunday Times
_v7 July 1996, 5.7(3)
520 _aAs farmland proved to be the best performing asset in the UK during 1994 and 1995, considers the investment trends of life insurance companies and the extent of their concern for environmental issues.
650 _aBUSINESS ETHICS
650 _aENVIRONMENTAL AWARENESS
650 _aFARMLAND PRICES
650 _aLIFE INSURANCE COMPANIES
690 _aLAND
942 _n0
948 _c04/03/1997
999 _c31546
_d31546